000 00539nam a2200157Ia 4500
005 20250108011654.0
008 240331s9999 xx 000 0 und d
020 _a0195630017
082 _bSUB
_a950
245 0 _aSubaltern studies VI :
_bwritings on south Asian history and society
260 _aNew Delhi
_bOxford University Press
_c1992
300 _aX, 335 p ., ( C 2)
500 _aThe series will continue to be published, as usual, under the editorship of the Subaltern Studies collective.
700 _aGuha, R.
_eedt
942 _cL
999 _c3499
_d3499